Technical drawing problems, series 2 (Record no. 544666)
[ view plain ]
| 000 -LEADER | |
|---|---|
| fixed length control field | 00964cam a2200241 4500 |
| 020 ## - INTERNATIONAL STANDARD BOOK NUMBER | |
| International Standard Book Number | 0.02-342770-1 |
| 082 00 - DEWEY DECIMAL CLASSIFICATION NUMBER | |
| Classification number | 604.2 |
| Author Mark | GIE |
| -- | L-12, P-67 |
| 100 1# - MAIN ENTRY--PERSONAL NAME | |
| Personal name | Spencer, Henry Cecil, |
| 9 (RLIN) | 40182 |
| 245 10 - TITLE STATEMENT | |
| Title | Technical drawing problems, series 2 |
| Statement of responsibility, etc. | [by] Henry Cecil Spencer [and] Ivan Leroy Hill. |
| 250 ## - EDITION STATEMENT | |
| Edition statement | 9th ed. |
| 260 ## - PUBLICATION, DISTRIBUTION, ETC. | |
| Place of publication, distribution, etc. | New York, |
| Name of publisher, distributor, etc. | Macmillan Pub. Co. |
| Date of publication, distribution, etc. | c1991. |
| 300 ## - PHYSICAL DESCRIPTION | |
| Extent | v, 9 p., [104] l. |
| Other physical details | illus. |
| Dimensions | 28 cm. |
| 500 ## - GENERAL NOTE | |
| General note | "Intended primarily for use with Technical drawing (sixth edition, 1974) by Giesecke, Mitchell, Spencer, and Hill." |
| 500 ## - GENERAL NOTE | |
| General note | Earlier ed. by F. E. Giesecke published under title: Technical drawing problems, series l. |
| 526 ## - STUDY PROGRAM INFORMATION NOTE | |
| Program name | 0 |
| Interest level | 0 |
| Reading level | 0 |
| Title point value | 604_200000000000000_GIE |
| 526 ## - STUDY PROGRAM INFORMATION NOTE | |
| Program name | 0 |
| Interest level | 0 |
| Reading level | 0 |
| Title point value | 604_200000000000000_GIE |
| 650 #0 - SUBJECT ADDED ENTRY--TOPICAL TERM | |
| Topical term or geographic name entry element | Mechanical drawing |
| 650 #0 - SUBJECT ADDED ENTRY--TOPICAL TERM | |
| Topical term or geographic name entry element | NUST / MCE |
| 9 (RLIN) | 26909 |
| 700 1# - ADDED ENTRY--PERSONAL NAME | |
| Personal name | Giesecke, Frederick E. |
| 9 (RLIN) | 40338 |
| 700 1# - ADDED ENTRY--PERSONAL NAME | |
| Personal name | Giesecke, Frederick E. |
| 9 (RLIN) | 40338 |
| 700 1# - ADDED ENTRY--PERSONAL NAME | |
| Personal name | Hill, Ivan Leroy, |
| 9 (RLIN) | 40339 |
| 942 ## - ADDED ENTRY ELEMENTS (KOHA) | |
| Source of classification or shelving scheme | |
| Koha item type | Book |
| Withdrawn status | Lost status | Source of classification or shelving scheme | Damaged status | Not for loan | Permanent Location | Current Location | Date acquired | Total Checkouts | Full call number | Barcode | Date last seen | Date last checked out | Price effective from | Koha item type |
|---|---|---|---|---|---|---|---|---|---|---|---|---|---|---|
| Military College of Engineering (MCE) | Military College of Engineering (MCE) | 05/08/2014 | 2 | 604.2 GIE | MCE-27556 | 12/02/2015 | 11/17/2015 | 05/08/2014 | Book | |||||
| Military College of Engineering (MCE) | Military College of Engineering (MCE) | 05/08/2014 | 604.2 GIE | MCE-27557 | 05/08/2014 | 05/08/2014 | Book |
